Famous Holidays - Statistics

General Stats
  • This quiz has been taken 24 times
    11 since last reset
  • The average score is 19 of 64
Answer Stats
Day of Year Answer % Correct
April 1st April Fools
88%
The First Sunday after the first full moon of the Vernal Equinox Easter
88%
October 31 Halloween
75%
February 14 Saint Valentine's Day
75%
December 25th Christmas Day
63%
December 24th Christmas Eve
63%
January 1st New Year's Day
63%
December 31st New Year's Eve
63%
Third Monday of February Presidents' Day
63%
July 4th American Independence Day
50%
July 1st Canada Day
50%
3rd Monday of January Dr. Martin Luther King Jr. Day
50%
First Monday in September Labor Day
50%
Second Monday in October Columbus Day/Indigenous Peoples Day
38%
April 22nd Earth Day
38%
December 21st First Day of Winter/Winter Solstice
38%
June 19th Juneteenth
38%
Fourth Monday of May Memorial Day
38%
Second Sunday of May Mother's Day
38%
A Week in April, changes every year due to being determined by the Hebrew Calendar Passover
38%
March 17th Saint Patrick's Day
38%
Fourth Thursday in November Thanksgiving
38%
November 11 Veterans Day
38%
May 5th Cinco De Mayo
25%
2nd Monday of June Father's Day
25%
May 1st First Day of Asian American Pacific Islander Heritage Month
25%
February 1st First Day of Black History Month
25%
June 20th First Day of Summer/Summer Solstice
25%
A week in November or December that depends on the year Hannukah
25%
December 26th-January 1st Kwanzaa
25%
February 29th Leap Day
25%
Any day between January 21 and February 20 Lunar New Year
25%
September 16th Mexican Independence Day
25%
September 11th Patriot Day
25%
The First Tuesday after the First Monday in November U.S. Election Day
25%
March 20th Vernal Equinox/First Day of Spring
25%
Fourth Friday in November Black Friday
13%
December 8th Bodhi Day
13%
February 1st First Day of Cancer Prevention Month
13%
October 1st First Day of College Application Month
13%
November 1st First Day of Diabetes Awareness Month
13%
October 1st First Day of Disability Awareness Month
13%
September 22nd First Day of Fall/Autumnal Equinox
13%
September 15th First Day of Hispanic Heritage Month
13%
May 1st First Day of Jewish Heritage Month
13%
May 1st First Day of Military Appreciation Month
13%
November 1st First Day of National Novel Writing Month
13%
November 1 First Day of Native American Heritage Month
13%
November 1st First Day of Vegan Awareness Month
13%
October 1st First Day of Vegetarian Awareness Month
13%
March 1st First Day of Women's History Month
13%
June 14th Flag Day
13%
October 30 Halloween Eve/Mischief Night
13%
47 days before Easter Mardi Gras
13%
Fourth Friday in November Native American Heritage Day
13%
December 7th Pearl Harbor Day
13%
March 14th Pi Day
13%
February 27th Pokemon Day
13%
December 6th Saint Nicolas Day
13%
August 1st Spider-Man Day
13%
April 15th Tax Day
13%
May 8th V-E Day
13%
December 5 Walt Disney Day
13%
December 1st World AIDS Day
13%
No matching quizzes found
Score Distribution
Percent of People with Each Score
Percentile by Number Answered
Your Score History
You have not taken this quiz since the last reset